5HLuxD.jpg

KING HENRY VIII SENIOR AND PRIMARY SCHOOL LIBRARY OPAC

Ruin and rising / (Record no. 798)

000 -LEADER
fixed length control field 01059cam a2200289 i 4500
001 - CONTROL NUMBER
control field 17990164
003 - CONTROL NUMBER IDENTIFIER
control field OSt
005 - DATE AND TIME OF LATEST TRANSACTION
control field 20191217151241.0
008 - FIXED-LENGTH DATA ELEMENTS--GENERAL INFORMATION
fixed length control field 140107s2014 nyub d 000 1 eng
010 ## - LIBRARY OF CONGRESS CONTROL NUMBER
LC control number 2013049306
020 ## - INTERNATIONAL STANDARD BOOK NUMBER
International Standard Book Number 9781250063168
040 ## - CATALOGING SOURCE
Original cataloging agency DLC
Language of cataloging eng
Transcribing agency DLC
Description conventions rda
Modifying agency DLC
042 ## - AUTHENTICATION CODE
Authentication code lcac
-- pcc
082 ## - DEWEY DECIMAL CLASSIFICATION NUMBER
Classification number FIC BAR
100 1# - MAIN ENTRY--PERSONAL NAME
Personal name Bardugo, Leigh,
Relator term author.
245 10 - TITLE STATEMENT
Title Ruin and rising /
Statement of responsibility, etc. Leigh Bardugo.
264 #1 - PRODUCTION, PUBLICATION, DISTRIBUTION, MANUFACTURE, AND COPYRIGHT NOTICE
Place of production, publication, distribution, manufacture New York :
Name of producer, publisher, distributor, manufacturer Square fish,
Date of production, publication, distribution, manufacture, or copyright notice 2015.
300 ## - PHYSICAL DESCRIPTION
Extent 420 pages :
Other physical details map ;
Dimensions 21 cm.
336 ## - CONTENT TYPE
Content type term text
Source rdacontent
337 ## - MEDIA TYPE
Media type term unmediated
Source rdamedia
338 ## - CARRIER TYPE
Carrier type term volume
Source rdacarrier
440 ## - SERIES STATEMENT/ADDED ENTRY--TITLE
Title Shadow and bone trilogy ;
Number of part/section of a work Book 3.
520 ## - SUMMARY, ETC.
Summary, etc. "The Darkling rules Ravka from his shadow throne. Alina forges new alliances as she and Mal search for Morozova's last amplifier. But as she begins to unravel the Darkling's secrets, she reveals a past that alters her understanding of the bond they share and the power she wields"
Assigning source Provided by publisher.
650 #1 - SUBJECT ADDED ENTRY--TOPICAL TERM
Topical term or geographic name entry element Fantasy.
650 #1 - SUBJECT ADDED ENTRY--TOPICAL TERM
Topical term or geographic name entry element Love
Form subdivision Fiction.
942 ## - ADDED ENTRY ELEMENTS (KOHA)
Source of classification or shelving scheme
Koha item type Books - Fiction
Holdings
Withdrawn status Lost status Source of classification or shelving scheme Damaged status Not for loan Collection code Permanent Location Current Location Shelving location Date acquired Total Checkouts Full call number Barcode Date last seen Date last checked out Price effective from Koha item type
          Fiction KH8 Senior School Library KH8 Senior School Library Fiction 2019-12-17 5 FIC BAR 3KHSL000101448 2025-12-12 2025-12-10 2019-12-17 Books - Fiction

Powered By KH8 IT Dept